[Event "AUTO-OPEN-1040"]
[Site "http://www.queenalice.com/game.php?id=467925"]
[Date "2008.9.24"]
[Round "3"]
[White "Mauricio43"]
[Black "VictorJara"]
[Result "0-1"]
[WhiteElo "1766"]
[BlackElo "2279"]

1. e4 e6 2. d4 d5 3. e5 c5 4. Nf3 Nc6 5. Bb5 Qb6 6. Nc3 Bd7 7. Bxc6 Bxc6 8. Ne2
Rc8 9. b3 Bb5 10. a4 Ba6 11. Be3 c4 12. Bd2 cxb3 13. cxb3 Ne7 14. a5 Qb5 15. Nc3
Qd3 16. Rc1 Nc6 17. Qe2 Nb4 18. O-O Qxe2 19. Nxe2 Nc2 20. Nc3 Bxf1 21. Kxf1 Nb4
22. Ra1 Kd7 23. Ng5 Nc2 24. Ra4 Bb4 25. Nxf7 Bxc3 26. Nxh8 Bxd2 27. Nf7 Bb4 28.
a6 b5 29. Ra2 Nxd4 30. g4 h6 31. g5 hxg5 32. Nxg5 Rc3 33. Kg2 Rxb3 34. f4 Bc3
35. Kg3 Rb2 36. Rxb2 Bxb2 37. h4 b4 38. Nh3 Bc3 39. Nf2 Be1 40. h5 b3 41. Kg2 b2
0-1

[Event "AUTO-OPEN-1040"]
[Site "http://www.queenalice.com/game.php?id=467926"]
[Date "2008.9.24"]
[Round "3"]
[White "VictorJara"]
[Black "Mauricio43"]
[Result "1-0"]
[WhiteElo "2270"]
[BlackElo "1757"]

1. d4 d5 2. c4 Nf6 3. cxd5 Bf5 4. Qa4+ Bd7 5. Qb3 b6 6. Nc3 e6 7. e4 exd5 8. e5
Ng4 9. h3 Nxf2 10. Kxf2 Qh4+ 11. g3 Qxd4+ 12. Be3 Qxe5 13. Nf3 Qe6 14. Re1 Qc6
15. Bb5 Qg6 16. Bg5+ Be7 17. Nxd5 Bxb5 18. Nxe7 Qd3 19. Ng6+ Qe2+ 20. Rxe2+ Bxe2
21. Qd5 1-0

[Event "AUTO-ADV-1055"]
[Site "http://www.queenalice.com/game.php?id=469723"]
[Date "2008.9.28"]
[Round "1"]
[White "Gerd"]
[Black "Mauricio43"]
[Result "0-1"]
[WhiteElo "2007"]
[BlackElo "1781"]

1. e4 e5 2. Nf3 Nc6 3. Bb5 d6 4. h3 Nf6 5. d3 Bd7 6. Nc3 a6 7. Bc4 Nd4 8. Ng5
Be6 9. Bxe6 Nxe6 10. Nxe6 fxe6 11. Bg5 Be7 12. Bxf6 Bxf6 13. O-O Qd7 14. f4
O-O-O 15. f5 Rhf8 16. Qg4 exf5 17. Qxf5 Qxf5 18. exf5 d5 19. Rae1 b5 20. Ne2 c5
21. b3 c4 22. dxc4 dxc4 23. Nc3 Rd2 24. Rc1 b4 25. Ne4 Rd4 26. Nc5 Rd2 27. Nxa6
Be7 28. g4 Kb7 29. Nxb4 Bxb4 30. c3 Ba3 31. Rcd1 Rfd8 32. Rde1 Rxa2 33. bxc4
Bc5+ 34. Kh1 Rdd2 35. Rb1+ Kc6 0-1

[Event "AUTO-ADV-1055"]
[Site "http://www.queenalice.com/game.php?id=469724"]
[Date "2008.9.28"]
[Round "1"]
[White "Mauricio43"]
[Black "Gerd"]
[Result "0-1"]
[WhiteElo "1809"]
[BlackElo "1926"]

1. d4 d5 2. c4 c6 3. Nc3 dxc4 4. e4 e6 5. Bxc4 b5 6. Bd3 Bb4 7. Ne2 Nd7 8. a3
Bxc3+ 9. bxc3 Nh6 10. Bxh6 gxh6 11. a4 bxa4 12. Rxa4 a5 13. O-O Ba6 14. c4 c5
15. Qa1 O-O 16. Rxa5 Bb7 17. Rxa8 Bxa8 18. Nf4 Nf6 19. e5 Ne4 20. Bxe4 Bxe4 21.
Rd1 Qg5 22. g3 cxd4 23. Qxd4 Qf5 24. Re1 Bf3 25. Re3 Qb1+ 0-1

[Event "AUTO-ADV-1055"]
[Site "http://www.queenalice.com/game.php?id=469739"]
[Date "2008.9.28"]
[Round "1"]
[White "karpano"]
[Black "Mauricio43"]
[Result "0-1"]
[WhiteElo "1625"]
[BlackElo "1755"]

1. d4 d5 2. c4 Nf6 3. Nf3 Nc6 4. Nc3 e6 5. e3 Bb4 6. Bd2 a6 7. Bd3 h6 8. O-O
dxc4 9. Bxc4 b5 10. Bd3 Bb7 11. Re1 Ne7 12. Qc2 Ned5 13. Ne5 c5 14. dxc5 Bxc5
15. Rac1 Bd6 16. f4 Rc8 17. Qb1 Bc5 18. Ne4 Bb4 19. Rxc8 Qxc8 20. Bxb4 Nxb4 21.
Nxf6+ gxf6 22. Rc1 Qa8 23. Nf3 Rg8 24. Be2 Nd5 25. Qh7 Rg6 26. Qh8+ Ke7 27. Qxa8
Bxa8 28. Nd4 Nxe3 29. Bf3 Bxf3 30. Nxf3 Rxg2+ 31. Kh1 Rxb2 32. h4 Rxa2 0-1

[Event "AUTO-ADV-1055"]
[Site "http://www.queenalice.com/game.php?id=469740"]
[Date "2008.9.28"]
[Round "1"]
[White "Mauricio43"]
[Black "karpano"]
[Result "1-0"]
[WhiteElo "1785"]
[BlackElo "1629"]

1. e4 c5 2. Nf3 d6 3. Nc3 Nc6 4. Bc4 e6 5. d4 cxd4 6. Nxd4 Ne5 7. Bd3 Nf6 8. h3
Be7 9. f4 Nc6 10. Be3 O-O 11. e5 dxe5 12. Nxc6 bxc6 13. fxe5 Nd5 14. Nxd5 cxd5
15. Qg4 Qa5+ 16. Bd2 Qc7 17. Qg3 Bf6 18. Bxh7+ Kxh7 19. Qd3+ g6 20. exf6 Qe5+
21. Be3 Qg3+ 22. Kd2 Qxg2+ 23. Kc3 a5 24. Qd4 Ba6 25. Qh4+ Kg8 26. Rac1 Rfc8+
27. Kb3 Bc4+ 28. Ka3 Qf3 29. Qf2 Qxf2 30. Bxf2 e5 31. h4 d4 32. h5 Kh7 33. Rcg1
g5 34. Rxg5 Kh6 35. Rxe5 Rd8 36. Rd1 d3 37. c3 d2 38. Be3+ Kh7 39. Rxd2 Re8 40.
Rxe8 Rxe8 41. Bf4 Re4 42. Rd4 Rxd4 43. cxd4 1-0

[Event "AUTO-ADV-1055"]
[Site "http://www.queenalice.com/game.php?id=469749"]
[Date "2008.9.28"]
[Round "1"]
[White "Endy"]
[Black "Mauricio43"]
[Result "1-0"]
[WhiteElo "1773"]
[BlackElo "1798"]

1. d4 e6 2. a3 d5 3. Nf3 Nc6 4. e3 Nf6 5. Bb5 Bd7 6. Bxc6 bxc6 7. Ne5 c5 8. Nc3
Bd6 9. Nxd7 Qxd7 10. b4 cxb4 11. axb4 Bxb4 12. Bd2 Ne4 13. Nxe4 Bxd2+ 14. Nxd2
O-O 15. O-O f5 16. f4 Rfb8 17. Nb3 Qe7 18. Nc5 Rb2 19. Qd3 c6 20. Rfb1 Rab8 21.
c3 h5 22. Rxb2 Rxb2 23. c4 Qh4 24. Qf1 Qe7 25. cxd5 exd5 26. Qc1 Re2 27. Ra3 g5
28. Kf1 Rxg2 29. Kxg2 gxf4 30. exf4 Qg7+ 31. Rg3 1-0

[Event "AUTO-ADV-1055"]
[Site "http://www.queenalice.com/game.php?id=469750"]
[Date "2008.9.28"]
[Round "1"]
[White "Mauricio43"]
[Black "Endy"]
[Result "1-0"]
[WhiteElo "1795"]
[BlackElo "1739"]

1. e4 Nc6 2. Nf3 e6 3. d4 d5 4. Nc3 Bb4 5. Bd2 Bxc3 6. Bxc3 dxe4 7. d5 f6 8.
dxc6 Qxd1+ 9. Rxd1 exf3 10. Bb5 Ke7 11. Bb4+ Kf7 12. cxb7 Bxb7 13. gxf3 Bxf3 14.
Rd7+ Kg6 15. Rg1+ Kh6 16. Rdxg7 c6 17. Bd3 f5 18. Bd2+ Kh5 19. Bg5 h6 20. Bf4
Nf6 21. R1g3 Kh4 22. Bf1 Bg4 23. f3 Nh5 24. R7xg4+ fxg4 25. Rxg4# 1-0

[Event "AUTO-OPEN-985"]
[Site "http://www.queenalice.com/game.php?id=522550"]
[Date "2009.1.14"]
[Round "3"]
[White "Mauricio43"]
[Black "Gera"]
[Result "1-0"]
[WhiteElo "1843"]
[BlackElo "1861"]

1. e4 b6 2. d4 Bb7 3. Nc3 Nf6 4. Bc4 Nc6 5. a3 e5 6. d5 Ne7 7. Bg5 Ng6 8. Nf3
Be7 9. Bxf6 Bxf6 10. d6 O-O 11. Nb5 cxd6 12. Nxd6 Bc6 13. b4 Qc7 14. Qd2 b5 15.
Nxb5 Bxb5 16. Bxb5 d6 17. c4 a6 18. Ba4 Rfd8 19. Rc1 Qb7 20. Qc2 Nf4 21. O-O Qc8
22. Ne1 Qg4 23. f3 Qg6 24. Nd3 Ne6 25. c5 Nd4 26. Qf2 Be7 27. c6 Ra7 28. Qe3 Rc7
29. Rc4 Rdc8 30. f4 Bf6 31. fxe5 dxe5 32. Nc5 Bg5 33. Qd3 Qh6 34. Nxa6 Be3+ 35.
Kh1 Re7 36. b5 Re6 37. Nb4 Rd6 38. Nd5 Kf8 39. Qxe3 Qxe3 40. Nxe3 g6 41. Nd5 h6
42. c7 1-0

[Event "AUTO-OPEN-985"]
[Site "http://www.queenalice.com/game.php?id=522551"]
[Date "2009.1.14"]
[Round "3"]
[White "Gera"]
[Black "Mauricio43"]
[Result "0-1"]
[WhiteElo "1911"]
[BlackElo "1860"]

1. d4 d5 2. c4 Nf6 3. Nc3 Bf5 4. Qb3 b6 5. cxd5 Ne4 6. e3 Nxc3 7. bxc3 e6 8.
Bb5+ Nd7 9. Bc6 Rb8 10. Nf3 Bd6 11. Ba3 O-O 12. Bxd7 Qxd7 13. O-O exd5 14. Ne5
Qe6 15. Bxd6 Qxd6 16. c4 f6 17. Nf3 Be4 18. Nd2 f5 19. Qc3 f4 20. cxd5 Bxd5 21.
e4 Bb7 22. Nc4 Qg6 23. f3 Qf6 24. Ne5 Qd6 25. Qc4+ Kh8 26. Nf7+ Rxf7 27. Qxf7 c5
28. d5 c4 29. Rac1 b5 30. Rc2 a5 31. Rfc1 Ba6 32. Qa7 Rb7 33. Qd4 Re7 34. Re2
Rd7 35. Rd1 Bb7 36. Red2 h5 37. Qf2 Qe5 38. Qc5 c3 39. Rd3 Rc7 40. Qxb5 c2 41.
Rc1 Ba6 42. Qxa6 Qb2 43. Rdd1 cxd1=Q+ 44. Rxd1 Rc1 45. Qf1 Rc2 46. d6 Rd2 47. d7
Qd4+ 0-1

[Event "AUTO-ADV-1055"]
[Site "http://www.queenalice.com/game.php?id=527163"]
[Date "2009.1.22"]
[Round "2"]
[White "Mauricio43"]
[Black "romerov"]
[Result "0-1"]
[WhiteElo "1878"]
[BlackElo "2109"]

1. d4 d5 2. c4 c6 3. e3 f5 4. Nf3 e6 5. Ne5 Nf6 6. Nc3 Nbd7 7. Bd3 Ne4 8. Nxe4
fxe4 9. Be2 Nf6 10. Bh5+ g6 11. Bg4 Bg7 12. c5 Nxg4 13. Nxg4 h5 14. Ne5 Bxe5 15.
dxe5 Qa5+ 16. Bd2 Qxc5 17. Rc1 Qe7 18. O-O Rf8 19. a3 Rf5 20. Bc3 b6 21. Qe2 a5
22. Qd2 Ba6 23. Rfe1 Kd7 24. Qc2 Bd3 25. Qd2 Raf8 26. b4 Qh4 27. g3 Qh3 28. f4
exf3 29. Qf2 Rg5 30. Rcd1 h4 31. Rxd3 hxg3 32. Qb2 gxh2+ 33. Kh1 f2 34. Rdd1
Qg2# 0-1

[Event "AUTO-ADV-1055"]
[Site "http://www.queenalice.com/game.php?id=527164"]
[Date "2009.1.22"]
[Round "2"]
[White "romerov"]
[Black "Mauricio43"]
[Result "1-0"]
[WhiteElo "2131"]
[BlackElo "1871"]

1. d4 d5 2. c4 Nf6 3. g3 Bf5 4. Bg2 e6 5. Nf3 h6 6. O-O Nbd7 7. cxd5 Nxd5 8. a3
c5 9. Nc3 N7b6 10. e4 Nxc3 11. bxc3 Bxe4 12. Bf4 Bd6 13. Be3 Qc7 14. Re1 f5 15.
dxc5 Bxc5 16. Bd4 O-O-O 17. Qb3 Bd5 18. Qb5 Nd7 19. Bxg7 Rh7 20. Bd4 a6 21. Qb2
Qc6 22. Ne5 Nxe5 23. Rxe5 Bxd4 24. cxd4 Rc7 25. Bxd5 Rxd5 26. Qe2 Kd7 27. Re1 b5
28. Rxe6 Qc4 29. Rd6+ Kc8 30. Qe6+ Kb7 31. Rb6+ Ka8 32. Rxa6+ Kb7 33. Qb6+ Kc8
34. Ra8+ 1-0

[Event "AUTO-ADV-1055"]
[Site "http://www.queenalice.com/game.php?id=527165"]
[Date "2009.1.22"]
[Round "2"]
[White "Mauricio43"]
[Black "thw"]
[Result "1-0"]
[WhiteElo "1824"]
[BlackElo "1894"]

1. e4 e6 2. Nf3 d5 3. exd5 exd5 4. d4 Nf6 5. Nc3 Bd6 6. Bg5 c6 7. Bd3 O-O 8. h3
Re8+ 9. Ne2 h6 10. Be3 Qc7 11. Qd2 Be6 12. g4 Nbd7 13. g5 hxg5 14. Nxg5 Nf8 15.
Nf4 Bxf4 16. Bxf4 Qe7 17. O-O-O b5 18. Rde1 Qb7 19. h4 Nh5 20. Be5 f6 21. Nxe6
Rxe6 22. Bf4 Rae8 23. Rxe6 Nxe6 24. Bg6 1-0

[Event "AUTO-ADV-1055"]
[Site "http://www.queenalice.com/game.php?id=527166"]
[Date "2009.1.22"]
[Round "2"]
[White "thw"]
[Black "Mauricio43"]
[Result "0-1"]
[WhiteElo "1860"]
[BlackElo "1806"]

1. e4 e5 2. Nf3 Nc6 3. Bb5 d6 4. O-O Bd7 5. d4 exd4 6. Nxd4 Nxd4 7. Bxd7+ Qxd7
8. Qxd4 c5 9. Qe3 Nf6 10. e5 dxe5 11. Qxe5+ Qe6 12. Qxe6+ fxe6 13. Nc3 O-O-O 14.
Be3 Nd5 15. Bg5 Be7 16. Bxe7 Nxe7 17. Rfe1 Rd6 18. Rad1 Rhd8 19. Nb5 Rxd1 0-1